奇葩小国(截止至第51期) - Statistics

General Stats
  • This quiz has been taken 308 times
  • The average score is 24 of 45
Answer Stats
期数 国家 % Correct
24-25 布基纳法索
72%
1-2 阿尔巴尼亚
70%
7 刚果(金)
70%
4 冈比亚
68%
13 海地
68%
18 利比亚
67%
12 赤道几内亚
66%
29-31 埃及
65%
5 瑙鲁
64%
9 中非
64%
10 乌干达
63%
8 梵蒂冈
62%
16 索马里
62%
23 贝宁
62%
26-27 智利
62%
16 埃塞俄比亚
61%
35 多米尼加
61%
43-44 乍得
60%
32 苏里南
59%
38-39 利比里亚
59%
17 阿根廷
58%
19 古巴
58%
22 巴拿马
58%
47 东帝汶
58%
11 洪都拉斯
57%
36 厄立特里亚
55%
8 列支敦士登
53%
28 以色列
53%
42 冰岛
52%
50 布隆迪
52%
51 塞浦路斯
51%
8 摩纳哥
50%
33-34 加蓬
50%
20-21 阿富汗
49%
48-49 尼加拉瓜
49%
40 科特迪瓦
47%
14-15 菲律宾
45%
41 格林纳达
41%
46 葡萄牙
40%
45 法属圭亚那
35%
3 科摩罗
34%
6 西兰公国
29%
37 南马鲁古
24%
6 赫特河公国
12%
6 塞波加大公国
9%
No matching quizzes found
Score Distribution
Percent of People with Each Score
Percentile by Number Answered
Your Score History
You have not taken this quiz